Principles of Physical Chemistry (Record no. 6792)

MARC details
000 -LEADER
fixed length control field 00436nam a2200169Ia 4500
008 - FIXED-LENGTH DATA ELEMENTS--GENERAL INFORMATION
fixed length control field 221030s9999 xx 000 0 und d
020 ## - INTERNATIONAL STANDARD BOOK NUMBER
ISBN 8187210001
041 ## - LANGUAGE CODE
Language code of text/sound track or separate title
082 ## - DEWEY DECIMAL CLASSIFICATION NUMBER
Classification number 105.23
Item number Pur
100 ## - MAIN ENTRY--AUTHOR NAME
Personal name B. R. Puri
245 #0 - TITLE STATEMENT
Title Principles of Physical Chemistry
Statement of responsibility, etc by B. R. Puri, L. R. Sharma
260 ## - PUBLICATION, DISTRIBUTION, ETC. (IMPRINT)
Name of publisher S. L. Nagin & Co.
Place of publication Jalandhar
Year of publication 2000
300 ## - PHYSICAL DESCRIPTION
Number of Pages 1372
650 ## - SUBJECT ADDED ENTRY--TOPICAL TERM
Topical Term Chemistry
700 ## - ADDED ENTRY--PERSONAL NAME
Personal name L. R. Sharma
942 ## - ADDED ENTRY ELEMENTS (KOHA)
Koha item type Books
Holdings
Accession Number Cost, normal purchase price Full call number Price effective from Koha item type Withdrawn / writtenoff status Materials specified (bound volume or other part) Damaged status Not for loan Permanent Location Current Location Shelving location Date acquired Lost/ Missing status department
BE 2300 200.00 105.23 Pur 10/30/2022 Books   Print     MIET Library, Jammu MIET Library, Jammu BL-Academic Block - C, FL-2, CUP-18, SH-2, R-2 01/08/2001   BE
BE 3105 285.00 105.23 Pur 10/30/2022 Books   Print     MIET Library, Jammu MIET Library, Jammu BL-Academic Block - C, FL-2, CUP-18, SH-2, R-2 03/17/2001   BE
BE 3106 285.00 105.23 Pur 10/30/2022 Books   Print     MIET Library, Jammu MIET Library, Jammu BL-Academic Block - C, FL-2, CUP-18, SH-2, R-2 03/17/2001   BE